Państwa wolne od liter USA - Statystyki

Ogólne statystyki
  • Ten quiz został rozwiązany 18 435 razy
    18 410 od ostatniego zresetowania
  • Średni wynik to 7 z 18
Statystyki odpowiedzi
Kontynent Państwo % Poprawnych
Ameryka Południowa Chile
73%
Azja Chiny
64%
Europa Niemcy
61%
Europa Włochy
51%
Europa Czechy
49%
Azja Indie
49%
Afryka Egipt
47%
Oceania Fidżi
43%
Ameryka Północna Belize
42%
Europa Węgry
38%
Azja Jemen
34%
Azja Cypr
33%
Afryka Niger
31%
Afryka Kongo
27%
Afryka Togo
27%
Afryka Benin
21%
Azja Filipiny
21%
Afryka Komory
13%
Nie znaleziono quizów pasujących do podanych kryteriów
Rozkład punktacji
Procent ludzi z każdym wynikiem
Percentyl według liczby udzielonych odpowiedzi
Twoja historia wyników
Nie rozwiązałeś tego quizu od ostatniego zresetowania